[Event "GER-ch Net blitz qual4"]
[Site "Playchess.com INT"]
[Date "2021.05.10"]
[Round "11"]
[White "Benicke, Bastian"]
[Black "Buring, Matthias"]
[Result "1-0"]
[WhiteElo "1701"]
[BlackElo "1719"]
[PlyCount "55"]
[EventDate "2021.05.10"]
[EventType "swiss (blitz)"]
[EventRounds "11"]
[EventCountry "GER"]
[SourceTitle "CBM 202 Extra"]
[Source "ChessBase"]
[SourceDate "2021.07.31"]
[SourceVersion "1"]
[SourceVersionDate "2021.07.31"]
[SourceQuality "1"]

1. Nf3 d5 2. c4 c6 3. e3 e6 4. Nc3 f5 5. Be2 Nf6 6. 0-0 Bd6 7. d4 Nbd7 8. b3 0-0 9. Bb2 Qe8 10. cxd5 cxd5 11. Nd2 a6 12. f4 h5 13. h3 Kh8 14. Kh2 g5 15. g3 Rg8 16. Rg1 b5 17. Nf3 g4 18. Ng5 Bb7 19. hxg4 hxg4 20. Kg2 Kg7 21. Rh1 b4 22. Na4 Ne4 23. Rh7+ Kg6 24. Nxe4 dxe4 25. Qh1 Kf6 26. d5+ e5 27. Qh6+ Rg6 28. Qh4+ 1-0

[Event "GER-ch Net blitz qual4"]
[Site "Playchess.com INT"]
[Date "2021.05.10"]
[Round "5"]
[White "Benicke, Bastian"]
[Black "Domroese, Michael"]
[Result "1-0"]
[WhiteElo "1701"]
[BlackElo "1531"]
[PlyCount "49"]
[EventDate "2021.05.10"]
[EventType "swiss (blitz)"]
[EventRounds "11"]
[EventCountry "GER"]
[SourceTitle "CBM 202 Extra"]
[Source "ChessBase"]
[SourceDate "2021.07.31"]
[SourceVersion "1"]
[SourceVersionDate "2021.07.31"]
[SourceQuality "1"]

1. Nf3 d5 2. c4 Nf6 3. e3 e6 4. Nc3 Be7 5. Be2 c6 6. b3 Nbd7 7. Bb2 0-0 8. 0-0 Ne4 9. Qc2 Nxc3 10. Bxc3 Bf6 11. h3 Bxc3 12. Qxc3 Qf6 13. d4 Nc5 14. Ne5 Ne4 15. Qd3 c5 16. f4 cxd4 17. Qxd4 Rd8 18. cxd5 exd5 19. Rad1 Be6 20. Bf3 Ng3 21. Rf2 b6 22. Rc2 Nf5 23. Qb4 Nxe3 24. Ng4 Nxc2 25. Nxf6+ 1-0

[Event "GER-ch Net blitz qual4"]
[Site "Playchess.com INT"]
[Date "2021.05.10"]
[Round "1"]
[White "Benicke, Bastian"]
[Black "Maksimovic, Marco"]
[Result "0-1"]
[WhiteElo "1701"]
[BlackElo "2054"]
[PlyCount "50"]
[EventDate "2021.05.10"]
[EventType "swiss (blitz)"]
[EventRounds "11"]
[EventCountry "GER"]
[SourceTitle "CBM 202 Extra"]
[Source "ChessBase"]
[SourceDate "2021.07.31"]
[SourceVersion "1"]
[SourceVersionDate "2021.07.31"]
[SourceQuality "1"]

1. Nf3 Nf6 2. d4 g6 3. c4 Bg7 4. Nc3 d5 5. cxd5 Nxd5 6. e4 Nxc3 7. bxc3 c5 8. Bc4 0-0 9. 0-0 Nc6 10. Bb2 Bg4 11. h3 Bxf3 12. Qxf3 cxd4 13. cxd4 Nxd4 14. Bxd4 Qxd4 15. Bd5 Rab8 16. Rab1 b6 17. Rfd1 Qe5 18. Rb5 e6 19. Bc4 Qc7 20. Be2 Rfd8 21. h4 Rxd1+ 22. Bxd1 Qc1 23. Kh2 Rd8 24. Bb3 a6 25. Rxb6 Qc7+ 0-1

[Event "GER-ch Net blitz qual3"]
[Site "Playchess.com INT"]
[Date "2021.05.07"]
[Round "7"]
[White "Benicke, Bastian"]
[Black "Franck, Axel"]
[Result "1-0"]
[WhiteElo "1719"]
[BlackElo "1540"]
[PlyCount "73"]
[EventDate "2021.05.07"]
[EventType "swiss (blitz)"]
[EventRounds "11"]
[EventCountry "GER"]
[SourceTitle "CBM 202 Extra"]
[Source "ChessBase"]
[SourceDate "2021.07.31"]
[SourceVersion "1"]
[SourceVersionDate "2021.07.31"]
[SourceQuality "1"]

1. Nf3 Nf6 2. d4 g6 3. c4 Bg7 4. Nc3 d6 5. e4 0-0 6. Bd3 Nbd7 7. 0-0 e5 8. dxe5 Nxe5 9. Nxe5 dxe5 10. Qc2 c6 11. b3 Qc7 12. Bb2 Be6 13. Rad1 Rad8 14. Be2 b6 15. h3 h5 16. Bf3 Nh7 17. g4 hxg4 18. Bxg4 Nf6 19. Qe2 Bxg4 20. hxg4 Qc8 21. f3 Qe6 22. Bc1 Nh7 23. Qh2 Qe7 24. Kg2 Rxd1 25. Nxd1 f5 26. Rh1 Bf6 27. g5 Bxg5 28. Ba3 c5 29. Bb2 Bf6 30. exf5 gxf5 31. Kf2 Rf7 32. Qh5 Rg7 33. Qxf5 e4 34. Qc8+ Qf8 35. Qxf8+ Nxf8 36. Bxf6 Rf7 37. Rh8# 1-0

[Event "GER-ch Net blitz qual3"]
[Site "Playchess.com INT"]
[Date "2021.05.07"]
[Round "11"]
[White "Fabregas, Oliver"]
[Black "Benicke, Bastian"]
[Result "1-0"]
[WhiteElo "1985"]
[BlackElo "1719"]
[PlyCount "135"]
[EventDate "2021.05.07"]
[EventType "swiss (blitz)"]
[EventRounds "11"]
[EventCountry "GER"]
[SourceTitle "CBM 202 Extra"]
[Source "ChessBase"]
[SourceDate "2021.07.31"]
[SourceVersion "1"]
[SourceVersionDate "2021.07.31"]
[SourceQuality "1"]

1. e4 c5 2. Ne2 d6 3. Nbc3 Nc6 4. g3 g6 5. Bg2 Bg7 6. 0-0 Nf6 7. d3 0-0 8. h3 a6 9. Be3 Qc7 10. f4 b5 11. Qd2 Bb7 12. f5 Ne5 13. fxg6 fxg6 14. Nf4 Bc8 15. Ncd5 Nxd5 16. Nxd5 Qb7 17. Rxf8+ Bxf8 18. Rf1 Be6 19. Bh6 Bg7 20. Bg5 Bxd5 21. exd5 Rf8 22. Rxf8+ Bxf8 23. Be4 Bg7 24. Qf4 Qc7 25. Bh6 Bxh6 26. Qxh6 Qd8 27. Kg2 Qf8 28. Qe3 b4 29. c3 a5 30. d4 cxd4 31. Qxd4 bxc3 32. Qxc3 Qd8 33. b3 Qb6 34. Qc8+ Kg7 35. Qe6 Qc7 36. h4 Qd7 37. Qxd7 Nxd7 38. a3 Nc5 39. Bc2 e6 40. b4 axb4 41. axb4 Nb7 42. dxe6 Kf6 43. Bb3 Ke7 44. Kf3 Nd8 45. Ke4 Nc6 46. b5 Na5 47. Ba2 Nb7 48. Kd5 Nc5 49. Kc6 Ne4 50. b6 Nc5 51. Bd5 Kf6 52. b7 Nxb7 53. Kxb7 Ke7 54. Kc6 h6 55. g4 g5 56. hxg5 hxg5 57. Kc7 Ke8 58. Kxd6 Kd8 59. e7+ Ke8 60. Bc6+ Kf7 61. Kd7 Kf6 62. e8Q Kg7 63. Qe5+ Kh7 64. Be4+ Kg8 65. Qxg5+ Kf7 66. Qf5+ Kg7 67. g5 Kh8 68. Qh7# 1-0

[Event "GER Cup Net V3 U2000"]
[Site "Playchess.com INT"]
[Date "2020.05.27"]
[Round "1"]
[White "Benicke, Bastian"]
[Black "Niemann, Alexander"]
[Result "0-1"]
[WhiteElo "1558"]
[BlackElo "1741"]
[PlyCount "54"]
[EventDate "2020.05.27"]
[EventType "swiss (blitz)"]
[EventRounds "9"]
[EventCountry "GER"]
[SourceTitle "EXT 2021"]
[Source "ChessBase"]
[SourceDate "2020.10.23"]
[SourceVersion "1"]
[SourceVersionDate "2020.10.23"]
[SourceQuality "1"]

1. Nf3 d5 2. c4 e6 3. g3 c5 4. Bg2 Nf6 5. 0-0 Nc6 6. cxd5 exd5 7. d4 c4 8. Nc3 Be6 9. Bf4 Bd6 10. Bxd6 Qxd6 11. Re1 0-0 12. b3 cxb3 13. Qxb3 Rab8 14. e3 Qd7 15. Rac1 Ne4 16. Nxe4 dxe4 17. d5 Bxd5 18. Red1 Bxb3 19. Rxd7 exf3 20. Bxf3 Be6 21. Rc7 Ne5 22. Bxb7 Rfd8 23. a4 Bh3 24. Be4 Rb2 25. f4 Ng6 26. f5 Ne5 27. Bd5 Bxf5 0-1

[Event "GER-ch Net Amateur Gr-B Vor3"]
[Site "Playchess.com INT"]
[Date "2020.04.16"]
[Round "6"]
[White "Benicke, Bastian"]
[Black "Kanbach, Mike"]
[Result "0-1"]
[WhiteElo "1586"]
[BlackElo "1471"]
[PlyCount "51"]
[EventDate "2020.04.16"]
[EventType "swiss (blitz)"]
[EventRounds "9"]
[EventCountry "GER"]
[SourceTitle "CBM 195 Extra"]
[Source "ChessBase"]
[SourceDate "2020.05.31"]
[SourceVersion "1"]
[SourceVersionDate "2020.05.31"]
[SourceQuality "1"]

1. Nf3 e6 2. d4 c5 3. dxc5 Bxc5 4. b3 Nf6 5. e3 d5 6. Bd3 Nc6 7. 0-0 0-0 8. Bb2 Re8 9. Nbd2 e5 10. e4 Bg4 11. h3 Bh5 12. c4 d4 13. g4 Bg6 14. Nh4 Nb4 15. Qe2 Rc8 16. Nxg6 fxg6 17. Nf3 Rf8 18. Bc1 Qe7 19. Bg5 h6 20. Bd2 Rce8 21. Kg2 Qe6 22. a3 Nxd3 23. Qxd3 Nxg4 24. hxg4 Qxg4+ 25. Kh1 Rxf3 26. Qe3 0-1

[Event "GER-ch Net Amateur Gr-B Vor3"]
[Site "Playchess.com INT"]
[Date "2020.04.16"]
[Round "3"]
[White "Johann, Gregor"]
[Black "Benicke, Bastian"]
[Result "1-0"]
[WhiteElo "1746"]
[BlackElo "1586"]
[PlyCount "97"]
[EventDate "2020.04.16"]
[EventType "swiss (blitz)"]
[EventRounds "9"]
[EventCountry "GER"]
[SourceTitle "CBM 195 Extra"]
[Source "ChessBase"]
[SourceDate "2020.05.31"]
[SourceVersion "1"]
[SourceVersionDate "2020.05.31"]
[SourceQuality "1"]

1. Nf3 c5 2. c3 Nc6 3. d4 cxd4 4. cxd4 d5 5. Nc3 Bf5 6. Bf4 a6 7. e3 e6 8. a3 Bd6 9. Bg3 Nf6 10. Bd3 Bg6 11. Qe2 0-0 12. Bxg6 fxg6 13. 0-0 Rc8 14. Rac1 Nh5 15. Bxd6 Qxd6 16. Rfd1 Nf6 17. Na4 b5 18. Nc5 Na5 19. Nxa6 Qb6 20. Nc5 Nc4 21. Rc2 Rf7 22. Rdc1 Rfc7 23. Nd2 Nxd2 24. Qxd2 Ne8 25. Qb4 Nd6 26. a4 Ra8 27. axb5 Nxb5 28. h3 Rb8 29. Qd2 Rbc8 30. Na4 Rxc2 31. Rxc2 Rxc2 32. Qxc2 Qa5 33. Qc8+ Kf7 34. Qd7+ Kf8 35. Qc8+ Kf7 36. Qb7+ Kf8 37. Qc8+ Ke7 38. Qc2 Qe1+ 39. Kh2 Qb4 40. Qc5+ Qxc5 41. Nxc5 Kd6 42. Kg3 Nc7 43. Kf4 h6 44. Nd3 g5+ 45. Kg4 Ne8 46. Kh5 Nf6+ 47. Kg6 Ne4 48. Kxg7 Nxf2 49. Nxf2 1-0

[Event "GER-ch Net blitz qual4"]
[Site "Playchess.com INT"]
[Date "2020.03.23"]
[Round "9"]
[White "Benicke, Bastian"]
[Black "Kuhn, Hubert"]
[Result "0-1"]
[WhiteElo "1600"]
[BlackElo "2019"]
[PlyCount "40"]
[EventDate "2020.03.23"]
[EventType "swiss (blitz)"]
[EventRounds "9"]
[EventCountry "GER"]
[SourceTitle "CBM 195 Extra"]
[Source "ChessBase"]
[SourceDate "2020.05.31"]
[SourceVersion "1"]
[SourceVersionDate "2020.05.31"]
[SourceQuality "1"]

1. Nf3 d5 2. c4 c6 3. e3 Nf6 4. Nc3 Bf5 5. Be2 e6 6. 0-0 Nbd7 7. b3 Be7 8. Bb2 0-0 9. d4 Re8 10. Ne5 Nxe5 11. dxe5 Nd7 12. f4 f6 13. exf6 Bxf6 14. Bd3 Qb6 15. Re1 Bxd3 16. Qxd3 Nc5 17. Qe2 Rad8 18. cxd5 exd5 19. Kh1 Qb4 20. Rad1 Bxc3 0-1

[Event "GER-ch Net blitz qual4"]
[Site "Playchess.com INT"]
[Date "2020.03.23"]
[Round "3"]
[White "Mueller, Wolfgang2"]
[Black "Benicke, Bastian"]
[Result "1-0"]
[WhiteElo "1823"]
[BlackElo "1600"]
[PlyCount "55"]
[EventDate "2020.03.23"]
[EventType "swiss (blitz)"]
[EventRounds "9"]
[EventCountry "GER"]
[SourceTitle "CBM 195 Extra"]
[Source "ChessBase"]
[SourceDate "2020.05.31"]
[SourceVersion "1"]
[SourceVersionDate "2020.05.31"]
[SourceQuality "1"]

1. e4 c5 2. Nf3 d6 3. d4 cxd4 4. Nxd4 Nf6 5. Nc3 a6 6. Be3 e5 7. Nb3 Be6 8. Be2 Be7 9. 0-0 0-0 10. Qd2 b5 11. a3 Nbd7 12. Rad1 Qc7 13. f3 Nc5 14. Nxc5 dxc5 15. Nd5 Bxd5 16. exd5 Rad8 17. c4 bxc4 18. Bxc4 Qd6 19. Rfe1 Rb8 20. Bg5 h6 21. Bxf6 Bxf6 22. b3 Rfe8 23. Qd3 Rb6 24. a4 a5 25. Re4 Rb4 26. Rde1 Bg5 27. h4 Bf4 28. Rxf4 1-0

[Event "GER-ch Net blitz qual2"]
[Site "Playchess.com INT"]
[Date "2020.03.16"]
[Round "2"]
[White "Benicke, Bastian"]
[Black "Cmiel, Thorsten"]
[Result "0-1"]
[WhiteElo "1572"]
[BlackElo "2083"]
[PlyCount "26"]
[EventDate "2020.03.16"]
[EventType "swiss (blitz)"]
[EventRounds "9"]
[EventCountry "GER"]
[SourceTitle "CBM 195 Extra"]
[Source "ChessBase"]
[SourceDate "2020.05.31"]
[SourceVersion "1"]
[SourceVersionDate "2020.05.31"]
[SourceQuality "1"]

1. Nf3 d6 2. c4 g6 3. d4 Bg7 4. Nc3 Bg4 5. e4 Bxf3 6. gxf3 Nc6 7. Be3 e5 8. d5 Nd4 9. f4 c5 10. Bh3 Qh4 11. Bg4 Nh6 12. Qa4+ Kf8 13. Qd7 Rd8 0-1

[Event "GER-ch Net blitz qual2"]
[Site "Playchess.com INT"]
[Date "2020.03.16"]
[Round "5"]
[White "Fischer, Thomas"]
[Black "Benicke, Bastian"]
[Result "1-0"]
[WhiteElo "1954"]
[BlackElo "1572"]
[PlyCount "37"]
[EventDate "2020.03.16"]
[EventType "swiss (blitz)"]
[EventRounds "9"]
[EventCountry "GER"]
[SourceTitle "CBM 195 Extra"]
[Source "ChessBase"]
[SourceDate "2020.05.31"]
[SourceVersion "1"]
[SourceVersionDate "2020.05.31"]
[SourceQuality "1"]

1. e4 c5 2. c3 Nc6 3. d4 cxd4 4. cxd4 d6 5. d5 Ne5 6. f4 Nd7 7. Be3 Ngf6 8. Nc3 g6 9. Nf3 h5 10. h3 Bg7 11. Bd3 Nc5 12. Bc2 Qa5 13. 0-0 0-0 14. a3 Qd8 15. b4 Ncd7 16. Qd2 Kh7 17. Rad1 Nb6 18. Bb3 Rg8 19. Ng5+ 1-0